00565nam a22001577a 4500003000900000008004100009040007100050082001900121100002800140245002500168260009500193300002800288650002300316650003400339650003400373AR-CdUCM190227b ||||| |||| 00| 0 spa d aMUNICIPALIDAD PROVINCIAL DEL CUSCOcBIBLIOTECA MUNICIPAL DEL CUSCO a869.56 /bT33 aTejo Gómez, Heriberto aMagia de primavera / aLima : bCentro de Investigación de la Literatura Infantil y Juvenil del Perú,c1989. a56 páginas ; c21 cm. aLiteratura peruana aPoesías infantiles peruanas aPoesías infantiles siglo XX